| 000 | 00934cam a22002291a 4500 | ||
|---|---|---|---|
| 001 | ne 68001128 | ||
| 003 | DLC | ||
| 005 | 20260227111840.0 | ||
| 008 | 890605s1967 le b 000 0 ararc | ||
| 010 | _ane 68001128 | ||
| 035 | _a(OCoLC)19818402 | ||
| 040 |
_aPrinceton Univ. Libr. _cWaU _dWaU _dInU _dDLC |
||
| 050 | 0 | 0 |
_aPJ7750.I273 _bR5 1967 |
| 100 | 1 |
_aIbn Shuhayd, Abū ʻĀmir Aḥmad, _d992 or 993-1035. |
|
| 245 | 1 | 0 |
_aRisālat al-tawābiʻ wa-al-zawābiʻ / _cli-Ibn Shuhayd al-Andalusī ; ṣaḥḥaḥahā wa-ḥaqqaqa mā fīhā wa-sharraḥahā wa-bawwabahā wa-ṣaddarahā bi-dirāsah tārīkhīyah adabīyah Buṭrus al-Bustānī. |
| 260 |
_aBayrūt : _bDār Ṣādir, _c1967. |
||
| 300 |
_a157 p. ; _c24 cm. |
||
| 500 | _aAdded t. p.: Risālat al-tawābiʼ waz-Zawābiʼ [by] Ibn Shūhāid. | ||
| 504 | _aBibliography: p. 153. | ||
| 700 | 1 | _aBustānī, Buṭrus. | |
| 740 | 0 | _aRisālat al-tawābiʼ waz-Zawābiʼ. | |
| 999 |
_c50233 _d50233 |
||